En canto a Fraga (Record no. 196158)

MARC details
000 -LEADER
campo de control de longitud fija 01242nam a2200349 i 4500
001 - NÚMERO DE CONTROL
campo de control 196158
003 - IDENTIFICADOR DE NÚMERO DE CONTROL
campo de control RBPG
005 - FECHA Y HORA DE LA ÚLTIMA TRANSACCIÓN
campo de control 20250507063024.0
007 - CAMPO FIJO DE DESCRIPCIÓN FÍSICA--INFORMACIÓN GENERAL
campo de control de longitud fija ta
008 - DATOS DE LONGITUD FIJA--INFORMACIÓN GENERAL
campo de control de longitud fija 240816s2021 sp ||||e |||| 00| 0dglg d
017 ## - NÚMERO DE COPYRIGHT O DE DEPÓSITO LEGAL
Número de copyright o de depósito legal C 699-2021
Agencia que asigna Oficina Depósito Legal Coruña
020 ## - NÚMERO INTERNACIONAL ESTÁNDAR DEL LIBRO
Número Internacional Estándar del Libro 9788412357622
035 ## - NÚMERO DE CONTROL DEL SISTEMA
Número de control de sistema 1984957
040 ## - FUENTE DE CATALOGACIÓN
Lengua de catalogación glg
Centro catalogador/agencia de origen BPC
Centro/agencia transcriptor ES-MaACL
080 ## - NÚMERO DE LA CLASIFICACIÓN DECIMAL UNIVERSAL
Identificador de la edición 2015
Número de la Clasificación Decimal Universal 32 Fraga Iribarne, Manuel
080 ## - NÚMERO DE LA CLASIFICACIÓN DECIMAL UNIVERSAL
Identificador de la edición 2015
Número de la Clasificación Decimal Universal 32 (460. 11) "1975 /. . . "
080 ## - NÚMERO DE LA CLASIFICACIÓN DECIMAL UNIVERSAL
Número de la Clasificación Decimal Universal 821.134.4-94"20"
100 1# - ENTRADA PRINCIPAL--NOMBRE DE PERSONA
Nombre de persona Conde, Alfredo,
Fechas asociadas al nombre 1945-
9 (RLIN) 173663
Término indicativo de función/relación Autor
245 10 - MENCIÓN DEL TÍTULO
Título En canto a Fraga
Mención de responsabilidad, etc. / Alfredo Conde.
260 ## - PUBLICACIÓN, DISTRIBUCIÓN, ETC.
Lugar de publicación, distribución, etc. Santiago de Compostela :
Nombre del editor, distribuidor, etc. Ensenada de Ézaro,
Fecha de publicación, distribución, etc. 2021.
300 ## - DESCRIPCIÓN FÍSICA
Extensión 211 p. :
Dimensiones 24 cm.
336 ## - TIPO DE CONTENIDO
Término de tipo de contenido texto
Fuente rdacontent
337 ## - TIPO DE MEDIO
Nombre/término del tipo de medio sin mediación
Fuente rdamedia
338 ## - TIPO DE SOPORTE
Nombre/término del tipo de soporte volumen
Fuente rdacarrier
600 17 - PUNTO DE ACCESO ADICIONAL DE MATERIA--NOMBRE DE PERSONA
Nombre de persona Fraga Iribarne, Manuel,
Fechas asociadas al nombre 1922-2012
9 (RLIN) 193721
Fuente del encabezamiento o término embne
651 #0 - PUNTO DE ACCESO ADICIONAL DE MATERIA--NOMBRE GEOGRÁFICO
Nombre geográfico Galicia-
Subdivisión general Política y gobierno-
Subdivisión cronológica 1975-
9 (RLIN) 238397
852 ## - LOCALIZACIÓN
Ubicación ES-MaACL
Sublocalización o colección R.153231
Ubicación en estantería Depósito J
Número de control de estantería N-9226
Donativo/Legado Donación: Editorial
Encuadernación Encuadernación rústica con solapas
itemnumber 205187
942 ## - ELEMENTOS DE ENTRADA SECUNDARIOS (KOHA)
Suprimir en OPAC No
Tipo de ítem Koha Libro impreso
Holdings
Estatus retirado Estado de pérdida Fuente del sistema de clasificación o colocación Estado de daño No para préstamo Biblioteca de origen Biblioteca actual Ubicación en estantería Fecha de adquisición Fuente de adquisición Total de préstamos Signatura topográfica completa Código de barras Visto por última vez Precio de reemplazo Tipo de ítem Koha
    Clasificación decimal universal     Biblioteca del Ateneo de Madrid Biblioteca del Ateneo de Madrid Depósito J 05/05/2025 Donación   N-9226 101229964 05/05/2025 05/05/2025 Libro impreso